000 00551nam a2200205Ia 4500
008 230125s9999 xx 000 0 und d
020 _a81-85386-16-1
041 _aeng
082 _a658.838
_bBOY/WES
100 _aBoyd H W
_9111451
245 _aMarketing Research
_bText and Cases
250 _a7th ed
260 _c2001
_bAITBS Publication
_aNew Delhi
300 _a816p
500 _aMarketing research
500 _aMarketing research
650 _aMarketing Management
700 _aBoyd H W & Westfall R
_9111452
999 _c88363
_d88363